|
|
|
|
| LEADER |
00000naa a2200000uu 4500 |
| 001 |
vtls011061836 |
| 003 |
SK-MaSNL |
| 005 |
20260302112042.0 |
| 008 |
220810|2002 xo |||||||||||||||||cze| |
| 015 |
|
|
|a SNBRA
|
| 035 |
|
|
|a (urnnbn)urn:nbn:sk:snk:ar-a0c3ak
|
| 035 |
|
|
|a (uuid)6fe8047c-f53f-40fb-a613-f8bd07a3f66b
|
| 035 |
|
|
|a urn:nbn:sk:snk-aav9sw
|
| 040 |
|
|
|a SNKBUCL
|b slo
|c SNKBUCL
|e AACR2
|
| 041 |
0 |
|
|a cze
|
| 044 |
|
|
|a xo
|c SK
|
| 100 |
1 |
|
|a Gabriel, Ingo
|4 aut
|9 790501
|
| 245 |
1 |
0 |
|a Starigrad-Oldenburg
|c INGO GABRIEL
|
| 773 |
0 |
|
|t Stred Európy okolo roku 1000
|d Praha : Lidové noviny, 2002
|g S. 234-235
|z 8071065552
|
| 954 |
|
|
|a odborná, vedecká literatúra cudzojazyčná (svetová)
|2 lita
|
| 958 |
|
|
|a OND
|
| 958 |
|
|
|a article12
|
| 958 |
|
|
|a chapter
|
| 999 |
|
|
|c 1249949
|d 1251879
|